Random Cities on North America Map - Statistics

General Stats
  • This quiz has been taken 205 times
  • The average score is 12 of 20
Answers on the Map
Answers color-coded by a green-red scale on the quiz's map according to % correct below.
 
Answer Stats
North American City % Correct
Basseterre
100%
Boston
100%
Denver
100%
El Paso
100%
Havana
100%
Kingston
100%
Las Vegas
100%
Mexico CIty
100%
Miami
100%
Milwaukee
100%
Minneapolis
100%
Nassau
100%
New Orleans
100%
New York
100%
Oklahoma City
100%
Panama City
100%
Portland
100%
Salt Lake City
100%
San Francisco
100%
Seattle
100%
Sioux Falls
100%
Tampa
100%
Wilmington
100%
Chicago
91%
Pittsburgh
90%
Port-au-Prince
90%
Toronto
90%
San José
89%
Austin
88%
Atlanta
86%
Houston
86%
Kansas City
86%
Portland
86%
San Diego
86%
Dallas
83%
Jackson
83%
Los Angeles
83%
Phoenix
83%
Sacramento
83%
San Salvador
83%
Tallahassee
83%
Louisville
80%
Orlando
80%
Richmond
80%
Tijuana
80%
Jacksonville
78%
San Jose
78%
Albany
75%
Albuquerque
75%
Bridgetown
75%
Fresno
75%
Grand Rapids
75%
Guatemala City
75%
Managua
75%
Montreal
75%
Ottawa
75%
Quebec City
75%
San Juan
75%
Vancouver
75%
Washington
75%
Whitehorse
75%
Winnipeg
75%
Buffalo
71%
Cancún
71%
Charlotte
71%
Cheyenne
71%
Cincinnati
71%
St Louis
71%
Calgary
70%
Castries
67%
Cleveland
67%
Colorado Springs
67%
Columbia
67%
Fargo
67%
Guadalajara
67%
Hartford
67%
Kingstown
67%
Monterrey
67%
Raleigh
67%
Santo Domingo
67%
Tegucigalpa
67%
Baltimore
63%
Edmonton
63%
Providence
63%
Reno
63%
Saskatoon
63%
Birmingham
60%
Detroit
60%
Indianapolis
60%
Nashville
60%
Philadelphia
60%
Regina
60%
Savannah
60%
Springfield
60%
St John's
60%
Trenton
60%
Tulsa
60%
Memphis
57%
Anchorage
50%
Boise
50%
Charleston
50%
Columbus
50%
Halifax
50%
Juneau
50%
León
50%
Mobile
50%
Olympia
50%
St John's
50%
Thunder Bay
50%
Toledo
50%
Tucson
50%
Billings
44%
Des Moines
43%
San Antonio
43%
Little Rock
42%
Charleston
40%
Harrisburg
40%
Kamloops
40%
Victoria
40%
Mérida
38%
Santiago de Cuba
38%
Acapulco
36%
Chihuahua
33%
Ciudad Juárez
33%
Fairbanks
33%
Fredericton
33%
Mexicali
33%
Nuuk
33%
Puebla
29%
Belize City
25%
Hamilton
25%
Hermosillo
25%
Kingston
25%
London
25%
San Pedro Sula
25%
Yellowknife
25%
Iqaluit
22%
Burlington
20%
Greensboro
20%
Hamilton
20%
Manchester
20%
Oaxaca
20%
Omaha
20%
Puerto Vallarta
20%
Wichita
20%
George Town
17%
Roseau
17%
Virginia Beach
17%
Saint-Pierre
14%
Torreón
14%
La Paz
13%
St George's
13%
Camaguey
11%
Fort-de-France
10%
Aguascalientes
0%
Charlotte Amalie
0%
Charlottetown
0%
Culiacán
0%
Kelowna
0%
Morelia
0%
Pointe-a-Pitre
0%
Providenciales
0%
San Luis Potosí
0%
Santiago de Querétaro
0%
Sydney
0%
Tampico
0%
The Valley
0%
No matching quizzes found
Score Distribution
Percent of People with Each Score
Percentile by Number Answered
Your Score History
You have not taken this quiz